000 00834nam a2200313Ia 4500
003 OSt
005 20220912144605.0
006 a|||||r|||| 00| 0
007 ta
008 220909b |||||||| |||| 00| 0 eng d
020 _a9788126532285 (pbk)
020 _aSL01537801
024 _a180724
037 _cTextual
040 _aCSL
_beng
_cCSL
041 _aeng
082 _aB25, N1;P4;5 TB
100 _aDummit David S; Foote Richard M
245 0 _aAbstract algebra
250 _a3
260 _aNew Delhi
_b Wiley India
_c2004
300 _axii; 932p.
500 _aIndex 919-932p.
650 _a Abstract algebra
650 _aMathematics
700 _aDummit David S; Foote Richard M
942 _hB25, N1;P4;5 TB
_cTEXL
_2CC
999 _c13001
_d13001